Calciatori tedeschi nella Squadra della stagione della Champions - Statistics

Statistiche generali
  • Questo quiz è stato fatto 6 volte
    4 dall'ultimo reset
  • Il punteggio medio è 8 su 12
Statistiche sulle risposte
Numero apparizioni Edizioni apparizioni Squadra Calciatore % Corretto
3 2020-2021; 2021-2022; 2023-2024 Chelsea Antonio Rüdiger
75%
1 2020-2021 Manchester City Ilkay Gündoğan
75%
2 2017-2018, 2019-2020 Bayern Monaco Joshua Kimmich
75%
3 2013-2014; 2015-2016; 2019-2020 Bayern Monaco Manuel Neuer
75%
2 2014-2015; 2018-2019 Barcellona Marc-André ter Stegen
75%
1 2013-2014 Borussia Dortmund Marco Reus
75%
1 2013-2014 Bayern Monaco Philipp Lahm
75%
1 2019-2020 Bayern Monaco Serge Gnabry
75%
1 2019-2020 Bayern Monaco Thomas Müller
75%
5 2013-2014; 2014-2015; 2015-2016; 2016-2017; 2017-2018 Bayern Monaco; Real Madrid Toni Kroos
75%
1 2019-2020 Bayern Monaco Leon Goretzka
50%
1 2023-2024 Borussia Dortmund Mats Hummels
25%
Nessun quiz corrispondente trovato
Distribuzione punteggi
Percentuale di utenti per punteggio
Percentile per numero di risposta
I tuoi punteggi nel tempo
Non hai fatto questo quiz dall'ultimo reset